00428 a2200145 4500020001500000020001800015082001100033100002000044245006600064260003100130300002100161490004000182700002000222830004000242 a3642072488 a9783642072482 a514.341 aBanagl, Markus.10aTopological invariants of stratified spaces /cMarkus Banagl. a[S.l.] :bSpringer,c2007. a271 p. ;c23 cm.1 aSpringer monographs in mathematics. aBanagl, Markus. 0aSpringer monographs in mathematics.